Countries by Military Aircraft Insignia in World War II - Statistics

General Stats
  • This quiz has been taken 90 times
  • The average score is 13 of 30
Answer Stats
Picture Hint Answer % Correct
1943-1947 United States
97%
1943 - 1945 Brazil
88%
1912 - 1945 Japan
80%
1917 - 1945 Germany
77%
1912 - Present France
72%
1909 - Present Belgium
69%
1928 - 1991 China
66%
1942 - 1947 United Kingdom
66%
1914 - 1940 Norway
64%
1919 - 1943 Soviet Union
64%
1920 - 1993 Czechoslovakia
63%
1918 - 1940 Estonia
56%
1918 - 1945 Finland
55%
1921 - 1993 Poland
55%
1929 - 1943 Italy
45%
1941- 1945 Thailand
44%
1912 - Present Greece
34%
1939 - 1940 Netherlands
33%
1941 - 1944 Romania
30%
1942 - 1946 Australia
25%
1918 - 1940 Latvia
25%
1921 - 1940 Lithuania
23%
1927 - 1947 South Africa
20%
1942 - 1945 Hungary
19%
1943 - 1946 New Zealand
19%
1929 - 1941 Yugoslavia
16%
1942 - 1945 Bulgaria
13%
1941 - 1945 Independent State of Croatia
13%
1941 - 1945 Slovak Republic
13%
1936 - 1942 Philippines
6%
No matching quizzes found
Score Distribution
Percent of People with Each Score
Percentile by Number Answered
Your Score History
You have not taken this quiz